| 000 | 00916cam a22003013a 4500 | ||
|---|---|---|---|
| 001 | 16392944 | ||
| 003 | OSt | ||
| 005 | 20140310182235.0 | ||
| 008 | 980511s1993 xxu 000 1 eng | ||
| 010 | _a 98815289 | ||
| 020 | _a0671794825 (pbk.) | ||
| 035 | _a(DLC) 98815289 | ||
| 040 |
_aDLC _cDLC _dDLC |
||
| 050 |
_aPZ 7 _b.K26n90 1993 |
||
| 082 |
_aFIC _bK25nf #90 |
||
| 100 | 1 |
_aKeene, Carolyn. _94653 |
|
| 245 | 1 | 0 |
_aStage fright / _cCarolyn Keene. |
| 260 |
_aNew York : _bArchway Paperbacks, _cc1993. |
||
| 300 |
_a150 p. ; _c18 cm. |
||
| 440 |
_aNancy Drew files _n#90 _918619 |
||
| 650 |
_aMystery stories _xfiction _918620 |
||
| 655 | 7 |
_aYoung adult fiction. _2lcsh _93735 |
|
| 655 | 7 |
_aAdventure fiction. _2gsafd _93061 |
|
| 710 | 2 |
_aCopyright Paperback Collection (Library of Congress) _5DLC _9705 |
|
| 906 |
_a7 _bcbc _corignew _d2 _encip _f19 _gy-genrareb |
||
| 942 |
_2lcc _cBK-FIC |
||
| 999 |
_c11008 _d11008 |
||